América Latina en el contexto del capitalismo contemporáneo /

Saved in:
Bibliographic Details
Main Author: Volski, Victor
Format: Text
Tags: Add Tag
No Tags, Be the first to tag this record!

MARC

LEADER 00000 a a2200000 04500
001 3190
003
040
100 |a Volski, Victor  
245 |a América Latina en el contexto del capitalismo contemporáneo /  |c Victor Volski 
773 |g número 3; páginas 95-111  
999 |c 24616  |d 24616